000 00578nam a2200229Ia 4500
003 OSt
005 20221005070456.0
006 a|||||r|||| 00| 0
007 ta
008 221004b |||||||| |||| 00| 0 eng d
024 _a62217
037 _cTextual
040 _aCRL
_cCRL
_beng
041 _2eng
_aeng
082 _aV2:91rN84, M5
245 0 _aElection Commission of India
_b Second Annual Report 1984.
260 _aNew Delhi
_c1985
300 _a146p.
_ccm.
650 _aHISTORY
942 _hV2:91rN84, M5
_cTEXL
_2cc
999 _c976303
_d976303